| 000 | 01840nam0a2200361 i 4500 | ||
|---|---|---|---|
| 001 | RU\NLR\BIBL_A\010218779 | ||
| 005 | 20240921133223.0 | ||
| 010 |
_a9785832309446 _9150 |
||
| 021 |
_aRU _b14-2370 |
||
| 035 | _a(NILC)RuMoRGB-006732759 | ||
| 035 | _a(NLR Aleph) 010218779 | ||
| 090 |
_a10312364 _c10312364 |
||
| 100 | _a20140314d2013 km y0rusy50 ca | ||
| 101 | 0 | _arus | |
| 102 | _aRU | ||
| 105 | _aa|||z||||01yy | ||
| 200 | 1 |
_aКраткое введение в основы информационных технологий _eтехнико-экономическое обоснование создания космической многофункциональной интегрированной информационной сетевой системы _fВ.Т. Тормозов, Г.И. Письменский, В.Д. Кусков _gСоврем. гуманит. акад. |
|
| 210 |
_aМосква _cИзд-во Современного гуманитарного университета _d2013 |
||
| 215 |
_a126 с. _cил. _d21 |
||
| 320 | _aБиблиогр.: с. 126 (7 назв.) | ||
| 606 | 1 |
_aКосмическая связь _xАппаратура _92502678 _3RU\NLR\AUTH\661484206 |
|
| 606 | 1 |
_aЭкономические системы _xИнформационные технологии _92090775 _3RU\NLR\AUTH\661265479 |
|
| 610 | 0 | _aинформационные технологии | |
| 686 | 1 | _aЗ884.17-5 | |
| 686 | 1 | _aУ.в612 | |
| 700 | 1 |
_aТормозов _bВ. Т. _gВиктор Тимофеевич |
|
| 701 | 1 |
_aПисьменский _bГ. И. _gГеннадий Иванович |
|
| 701 | 1 |
_aКусков _bВ. Д. _gВладимир Дмитриевич |
|
| 801 | 0 |
_aRU _bРГБ _c20140205 _gRCR |
|
| 942 | _cBOOK | ||
| 980 | _aNBR | ||